| 000 | 00701nam a2200205 i 4500 | ||
|---|---|---|---|
| 001 | 181627 | ||
| 003 | ES-MaACL | ||
| 005 | 20250824085147.0 | ||
| 008 | 130226s1948 sp |||| | spa d | ||
| 080 | _a821.134.2-22"15" | ||
| 100 | 1 |
_aTimoneda, Juan de. _9110293 |
|
| 245 | 1 | 0 |
_aObras de Juan de Timoneda. _n2-3. |
| 260 |
_aMadrid : _bSociedad de Bibliófilos Españoles, _c1948. |
||
| 300 |
_a2 v. ; _c25 cm. |
||
| 490 | 1 |
_aSociedad de Bibliofilos Españoles. Segunda época ; _v21- 22 |
|
| 710 | 2 |
_aSociedad de Bibliófilos Españoles. _96661 |
|
| 830 | 1 | 0 |
_aSociedad de Bibliófilos Españoles. Segunda época _v21- 22 _9191496 |
| 852 | 4 |
_aES-MaACL _jJ-7(II-21-22) |
|
| 999 |
_c181627 _d181627 |
||